000 00258nam a22001217a 4500
008 170608b xxu||||| |||| 00| 0 eng d
041 _aeng
080 _a32
100 _a17
101 _aSHP
245 _aTHE GLOBALIZATION
_cLECHNER, F.J
942 _2udc
_cBK
999 _c16545
_d16545